00613 2200169 4500245004600000020002200046250001100068100002800079650001600107005001900123260003600142041001400178084000800192300001500200500021900215336000900434 aPahat HaticAndi Tentri AyumayasarihText a978-602-1258-40-8 aCet. 2 aAndi Tentri Ayumayasari aNovel Fiksi a20231003075548 aJakartabPenerit Mataharic2013 aIndonesia a813 a200 hlm. : aAndai kau tidak hadir dalam hidupku aku tidak akan merasakan beban seperti ini rasa sakit ini. Tapi tanpamu aku tidak akan belajar banyak hal. Terima kasih sudah hadir dihidupku mengajariku tentang sakit dan sedih. atext